• 首页
  • 本馆介绍
  • 公告通知
  • 最新文献
  • 馆藏检索
  • 电子资源
  • 读者导购
  • 参考咨询
  • 我的图书馆
  • 登录
  • 详细信息显示
  • 放入我的书架
  • 预约/预借图书
  • 作者相关作品
  • 分类相关作品
  • 丛书相关作品
  • 出版社相关作品

书目信息

  • 表格格式
  • 工作单格式
  • 卡片格式
题名:
文脉千载
    
 
作者: 成思行 主编
分册:  
出版信息: 北京   人民出版社  2020
页数: 152页
开本: 24cm
丛书名:
单 册:
中图分类: J327 , I227 , J32
科图分类:
主题词: 雕塑像--作品集--中国--现代 , 诗词--作品集--中国--当代
电子资源:
ISBN: 978-7-01-021555-6
000 01045nam0 2200265 450
001 2344345739
005 20231104121916.74
010    @a978-7-01-021555-6@b精装@dCNY68.00
100    @a20200422d2020 em y0chiy50 ea
101 0  @achi
102    @aCN@b110000
105    @aa z 000yd
200 1  @a文脉千载@Awen mai qian zai0@e题咏吴为山写意雕塑@f成思行主编
210    @a北京@c人民出版社@d2020
215    @a152页@c图@d24cm
330    @a本书选用了吴为山中华文化名人系列雕塑照片74幅,上起炎黄等中华人文始祖,下迄齐白石等现当代文化名家,囊括了文学,哲学,书法,绘画、音乐等领域代表性人物,集中反映了吴为山写意雕塑的面貌。书中92首诗词的作者,包括张桂兴、杨逸明、高昌、张力夫、李葆国等多位诗坛耆宿,也收入了多位90后作者的诗词。
517 1  @a题咏吴为山写意雕塑@Ati yong wu wei shan xie yi diao su
606 0  @a雕塑像@x作品集@y中国@z现代
606 0  @a诗词@x作品集@y中国@z当代
690    @aJ327@v5
690    @aI227@v5
690    @aJ32@v4
701  0 @a成思行@Acheng si hang@4主编
801  0 @aCN@b91MARC@c20200423
905    @aZUCC@dJ32@e5
    
    文脉千载:题咏吴为山写意雕塑/成思行主编.-北京:人民出版社,2020
    152页:图;24cm
    
    
    ISBN 978-7-01-021555-6(精装):CNY68.00
    本书选用了吴为山中华文化名人系列雕塑照片74幅,上起炎黄等中华人文始祖,下迄齐白石等现当代文化名家,囊括了文学,哲学,书法,绘画、音乐等领域代表性人物,集中反映了吴为山写意雕塑的面貌。书中92首诗词的作者,包括张桂兴、杨逸明、高昌、张力夫、李葆国等多位诗坛耆宿,也收入了多位90后作者的诗词。
●
相关链接 在五车中查询图书 在当当中查询图书 在豆瓣中查询图书


正题名:文脉千载     索取号:J32/5         预约/预借

序号 登录号 条形码 馆藏地/架位号 状态 备注
1 2001038265   2001038265   315书库/四35架B面1层6列/ [索取号:J32/5] 在馆    
2 2001038266   2001038266   315书库/四35架B面1层6列/ [索取号:J32/5] 在馆    
3 2001038267   2001038267   315书库/四35架B面1层6列/ [索取号:J32/5] 在馆    
4 2001038268   2001038268   315书库/四35架B面1层6列/ [索取号:J32/5] 在馆    
5 2001038269   2001038269   315书库/四35架B面1层6列/ [索取号:J32/5] 在馆    
6 2001038270   2001038270   315书库/四35架B面1层6列/ [索取号:J32/5] 在馆    
山东省滨州职业学院图书馆 欢迎您!
大连网信软件有限公司© 版权所有